000 00677nam a2200277Ia 4500
005 20260324115833.0
008 008 260324s9999 xx 000 0 eng d
020 _a9781315214160
037 _aEBOOK
040 _aCRL
040 _beng
040 _cCRL
041 _2eng
041 _aeng
084 _qCRL
100 _aAbdul Al-Azzawi
_91155294
245 0 _aAdvanced Manufacturing for Optical Fibers and Integrated Photonic Devices
260 _bTaylor and Francis
260 _c2016
365 _a
365 _b355
856 _uhttp://www.taylorfrancis.com/books/9781315214160
942 _cEBOOK
999 _c1747375
_d1747375